000 00726nam a2200241Ia 4500
003 OSt
005 20221006164133.0
006 a|||||r|||| 00| 0
007 ta
008 221006b |||||||| |||| 00| 0 hin d
024 _a7,591
037 _cDissertations
040 _aFML
_cFML
_bhin
041 _2hin
_ahin
100 _aSharma Nidhi Au.
_9555684
110 _aDelhi University. Faculty of Music and Fine Arts. Department of Music
245 0 _aBharatiya Shashtriya Sangeet Ka Sugam Sangeet Par Prabhaav
260 _c1997
300 _a71
_ccm.
700 _aDelhi University. Faculty of Music and Fine Arts. Department of Music
942 _cDIS
_2CC
999 _c1116316
_d1116316